=LDR 00000nam 2200000 4500 =001 INLIS000000000057330 =005 20201229110332 =035 ##$$a 0010-1220000231 =007 ta =008 201229################g##########0#ind## =082 ##$$a 332.04 =084 ##$$a 332.04 TAN f =100 1#$$a Tan, Peter =245 1#$$a FQ: kecerdasan finansial : $b Bagaimana menjadi makmur seperti Rich Dad,Poor bad /$c Peter Tan, Cfa, Dad =250 ##$$a cet.1 =260 ##$:$b Pustaka Delapratse,$c 2003 =300 ##$$a x, 102 hlm ; $c 22 x 14 cm =600 #4$$a Keuangan =990 ##$$a 30503184